000 01428cam a22003374a 4500
999 _c3746
_d3746
001 11987661
003 Nust
005 20180117090012.0
008 000427s2000 ii a b 001 0 eng
010 _a 00033278
020 _a0761994297 (U.S.)
020 _a0761994300 (U.S. : pbk.)
040 _aDLC
_cDLC
_dDLC
042 _apcc
050 0 0 _aHD82
_b.D295 2000
082 0 0 _a338.9/0068
_221
100 1 _aDale, Reidar.
245 1 0 _aOrganisations and development :
_bstrategies, structures, and processes /
_cReidar Dale.
260 _aNew Delhi ;
_aThousand Oaks :
_bSage Publications,
_c2000.
300 _a255 p. :
_bill. ;
_c25 cm.
504 _aIncludes bibliographical references (p. [241]-248) and index.
650 0 _aNon-governmental organizations.
650 0 _aEconomic development.
650 0 _aRural development.
856 4 2 _3Publisher description
_uhttp://www.loc.gov/catdir/enhancements/fy0657/00033278-d.html
856 4 1 _3Table of contents only
_uhttp://www.loc.gov/catdir/enhancements/fy0657/00033278-t.html
906 _a7
_bcbc
_corignew
_d1
_eocip
_f20
_gy-gencatlg
942 _2ddc
_cBK